000
00257 a2200097 4500
001
34583
100
_a
VCH
245
_a
Index of Acronyms and abbreviations in electrical and electronic engineering
260
_a
Germany
_b
VCH]
_c
1989
090
_c
22866
_d
22866
942
_a
NUST-CAE
_c
M
_c
14298
999
_c
269656
_d
269656